| 000 | 00643cam a2200193 a 4500 | ||
|---|---|---|---|
| 020 | _a0070358591 | ||
| 082 | 0 | 0 |
_a693.892 _bKUB _cL-39, P-187 |
| 100 | 1 |
_aKubal, Michael T. _945423 |
|
| 245 | 1 | 0 |
_aWaterproofing the building envelope / _cMichael T. Kubal. |
| 260 |
_aNew York : _bMcGraw-Hill, _cc1993. |
||
| 300 |
_axiv, 276 p. : _bill. ; _c24 cm. |
||
| 500 | _aIncludes index. | ||
| 526 |
_a0 _b0 _c0 _d693_892000000000000_KUB |
||
| 650 | 0 |
_aMCE _9379 |
|
| 650 | 0 |
_aWaterproofing. _922101 |
|
| 856 | 4 | 1 | _uhttp://www.loc.gov/catdir/toc/mh021/92012795.html |
| 856 | 4 | 2 | _uhttp://www.loc.gov/catdir/description/mh022/92012795.html |
| 942 |
_2ddc _cBK |
||
| 999 |
_c548950 _d548950 |
||